000 00516nam a2200169 i 4500
001 72795
003 ES-MaACL
005 20230906171547.0
007 t|
008 040903s1973 sp ||||1| spa d
100 1 _aGodin, André.
_957525
245 1 3 _aLa vida de los grupos en la Iglesia /
_cAndré Godin ; traducción del francés por Mary Carrillo.
260 _aMadrid :
_bStudium,
_c[1973]
300 _a155 p., 16 lám. ;
_c19 cm.
700 1 _aCarrillo, Mary.
_935764
852 _aES-MaACL
_jC-55713
_bR.88340
999 _c72795
_d72795